| 000 | 00587nam a22002057i 4500 | ||
|---|---|---|---|
| 001 | 3448 | ||
| 003 | OSt | ||
| 005 | 20170126082319.0 | ||
| 007 | tu | ||
| 008 | 161220s1996 xxu||||| |||| 00| 0 d | ||
| 024 | 7 |
_a3447 _2RID |
|
| 040 | _cOSt | ||
| 100 | 1 | _aGligorov, Vladimir | |
| 245 | 0 | 0 |
_aYugoslavia, Macedonia and Albania Between Autarky, Anarchy and Integration _bJubiläumsfondsprojekt Nr. AEPC 8 |
| 260 |
_aWien : _bWiener Institut für Internationale Wirtschaftsvergleiche (WIIW), _c1996. |
||
| 300 |
_a80 S. ; _c30cm. |
||
| 651 | _aYugoslavia | ||
| 651 | _aMacedonia | ||
| 651 | _aAlbania | ||
| 942 | _cB | ||
| 999 |
_c3398 _d3398 |
||